00677nam a2200229Ia 4500003000400000005001700004008004100021020001800062040001800080041000800098082002100106100002000127245010100147250001600248260005100264300002500315650002200340650002200362650002100384650002000405700002200425OSt20220111184307.0210716s2011 xx 000 0 und d a9788131755341 cAIMIT LIBRARY aeng a001.42 21bGHAP aGhauri, Pervez. aResearch Methods in Business Studies: bA Practical Guide /cby Pervez Ghaur and Kjell Gronhaug. a3rd. ed . - aNew Delhi:bDorling Kindersley Pvt Ltd,c2011. axviii,257p. ; 23 cm. aBusiness Methods. aBusiness Studies. aResearch Design. aSecondary Data. a Gronhaug, Kjell.